000 00446nam a2200181Ia 4500
001 22549
005 20260414150839.0
008 260414t2017||||xx |||||||||||||| ||spa||
041 _aESP
082 _a621.382
_bL28
100 _aLathi, B. P.
_eAUT
245 0 _aModern digital and analog communication systems
_b
260 _c2017
300 _axxi, 903 páginas :
_c25 cm.
650 _aTCA
654 _aCET
942 _cLIB
_dJUS
_fJUS
_2ddc
_n
999 _c22549
_d22549